000 00559nam a2200181Ia 4500
008 100920s9999 xx 000 0 und d
082 _b93836
_a891.463.1 थ 99
100 _aबोराडे रा. स.
245 _aकणस आणि कडबा.
260 _bसाकेत,औरंगाबाद.
_c1999
300 _a148
_bसाधी
365 _b100
520 _aलघुकथा.
630 _aकणस आणि कडबा.
650 _aलघुकथा.
730 _aकणस आणि कडबा.
942 _cBOOK
999 _c734279
_d734276